| 000 | 00704nam a2200193Ia 4500 | ||
|---|---|---|---|
| 008 | 151121s9999||||xx |||||||||||||| ||und|| | ||
| 082 | _a954।03/ अंधारे | ||
| 082 | _bHNW-77922 | ||
| 100 | _aअंधारे भा। रा। | ||
| 245 | _aभोसलेकालीन नागपूर | ||
| 260 | _b" विश्व भारती प्रकाशन,नागपूर।" | ||
| 260 | _c-- | ||
| 300 | _a194 | ||
| 600 | _aअंधारे भा। रा। | ||
| 630 | _aभोसलेकालीन नागपूर | ||
| 700 | _aअंधारे भा। रा। | ||
| 730 | _aभोसलेकालीन नागपूर | ||
| 942 | _cBOOK | ||
| 999 |
_c1259328 _d1259325 |
||